000 00338nam a22001457a 4500
003 SGT
020 _a9789384961886
082 _a343.087
_bCHA
100 _aCHATTERJEE , ISHITA
245 _aINTERNATIONAL TRADE LAW
250 _a2
260 _aALLAHABAD
_bCENTRAL LAW PUBLICATION
_c2022
300 _aXLVII , 880
942 _2ddc
_cBK
_015
999 _c23065
_d23065